| 000 | 00888nam a2200229Ia 4500 | ||
|---|---|---|---|
| 001 | 9936 | ||
| 003 | GE_BSU | ||
| 008 | 181216s||||||||xx |||||||||||||| ||und|| | ||
| 020 | _a9789941444012 | ||
| 040 | _cGE_BSU | ||
| 080 | _a821.353.1+821.353.1-32 | ||
| 100 | _aკაშია,ჯანრი | ||
| 245 | _aთხზულებანი ტ.2.შენობა. შესაქმე.მხატვრული პროზა | ||
| 245 | _cრედ.ხათუნა თოდუა.გუნანა ნიჟარაძე | ||
| 260 | _aთბილისი | ||
| 260 | _bქართული ბიოგრაფიული ცენტრი.2013 | ||
| 260 | _c2013 | ||
| 300 | _a364გვ.21სმ. | ||
| 653 | _aთხზულებანი | ||
| 653 | _aშენობა. შესაქმე.მხატვრული პროზა | ||
| 942 | _cBK | ||
| 999 |
_c43211 _d43211 |
||